000 00652nam a2200217Ia 4500
003 GCL
008 140319s9999 xx 000 0 ara d
040 _aGCL /
_cGCL
082 0 4 _a220.01
_bن م
100 1 _aعثمان الرواف
245 1 0 _aمبادىء علم السياسة /
_cعثمان الرواف
700 1 _aمحمد الحلوة
700 1 _aنظام بركات
260 _a[S.N] :
_bدار الكرمل للنشر والتوزيع ،
_c1989
300 _a412 ص
490 _a
650 0 4 _aالمبادئ السياسية
650 0 4 _aالسياسة
650 0 4 _aالعلاقات الخارجية
942 _2ddc
_cBK
999 _c49672
_d49672